000 00384nam a22001697a 4500
003 OSt
005 20211222095507.0
008 211222b |||||||| |||| 00| 0 eng d
020 _a0713128151
040 _cHU
082 _a658
100 _aPAREKIN ANDREW
_924185
245 _aSYSTEM MANAGEMENT
260 _aGREAT BRITANIYA
_bLTD
_c1980
300 _a168
942 _2ddc
_cBOOKS
_n0
999 _c23370
_d23370